00349nam a2200121Ia 4500082001200000100001800012245006400030260002600094300002100120650003200141650003800173710001600211 aTR.0106 aRabindra Nath 0aOccupational pattern and wage structure in Poona industries c1971bAgra University a503p. + C D - 53 aWAGES - MAHARASHTRA - POONA aOCCUPATIONS - MAHARASHTRA - POONA aSethi, T.T.